Isaac : (Registro nro. 7840)

Detalles MARC
000 -LIDER
fixed length control field 00761nam a2200253 a 4500
001 - NÚMERO DE CONTROL
Identificador de número de control 000014822
003 - IDENTIFICACDOR DE NÚMERO DE CONTROL
control field DO-SdBNP
005 - DATE AND TIME OF LATEST TRANSACTION
control field 20171102122921.0
007 - CAMPOS FIJOS DE DESCRIPCIÓN FÍSICA
fixed length control field 000014822
008 - ELEMENTOS DE LONGITUD FIJA
fixed length control field 100122s2008 dr a 001 j spa d
020 ## - ISBN
International Standard Book Number 9789945403299
040 ## - FUENTE DE CATALOGACIÓN
Agencia que crea de manera original el registro BPMSU
Idioma de catalogación spa
Agencia que realiza la transcripción BPMSU
082 #4 - NÚMERO DE CLASIFICACIÓN DECIMAL DE DEWEY
Classification number 920
Item number L795i
100 1# - ASIENTO PRINCIPAL -- NOMBRE PERSONAL
Nombre personal Loaces, Ysabel
245 10 - MENCIÓN DE TITULO
Título Isaac :
Subtítulo un libro para no olvidarte /
Mención de responsabilidad Ysabel Loaces.
260 ## - PUBLICACIÓN, DISTRIBUCIÓN, ETC. (PIE DE IMPRENTA)
Lugar de publicación, distribución, etc Santiago de los Caballeros :
Nombre del editor, distribuidor, etc. Sociedarte,
Fecha de publicación, distribución, etc 2008.
300 ## - DESCRIPCIÓN FÍSICA
Extensión 111 p. :
Otros detalles físicos il. ;
Dimensiones 21 cm.
504 ## - NOTA DE BIBLIOGRAFÍA, ETC.
Bibliography, etc Incluye referencias bibliográficas [p. 111]
600 14 - ENCABEZAMIENTO DE MATERIA--NOMBRE PERSONAL
Nombre personal LOACES, YSABEL
Subdivisión temática general RELATOS PERSONALES
600 14 - ENCABEZAMIENTO DE MATERIA--NOMBRE PERSONAL
Nombre personal LOACES, ISAAC ABRAHAM
942 ## - ADDED ENTRY ELEMENTS (KOHA)
Source of classification or shelving scheme Dewey Decimal Classification
Koha item type Libros
945 ## - INFORMACIÓN DE PROCESAMIENTO LOCAL
Información de procesamiento local Inventariado / 2017 VM
956 ## - LOCAL ELECTRONIC LOCATION AND ACCESS (OCLC)
Nombre de host VMATEO
Número de acceso 10
Información de compresión 20150511
Inicio de sesión BPMSU
Procesador de solicitud 00151
Existencias
Withdrawn status Lost status Source of classification or shelving scheme Damaged status Not for loan Collection code Home library Current library Date acquired Source of acquisition Total Checkouts Full call number Barcode Date last seen Price effective from Koha item type Copy number
    Dewey Decimal Classification     Colección Dominicana Biblioteca Pública Metropolitana Salomé Ureña Biblioteca Pública Metropolitana Salomé Ureña 05/11/2015 FUNDI   920 L795i BPMSU15051640 05/11/2015 05/11/2015 Libros  
    Dewey Decimal Classification     Colección Dominicana Biblioteca Pública Metropolitana Salomé Ureña Biblioteca Pública Metropolitana Salomé Ureña 05/11/2015 FUNDI   920 L795i BPMSU15051641 05/11/2015 05/11/2015 Libros e. 2
    Dewey Decimal Classification     Colección Dominicana Biblioteca Pública Metropolitana Salomé Ureña Biblioteca Pública Metropolitana Salomé Ureña 02/13/2018 FUNDI   920 L795i BPMSU18020141 02/13/2018 02/13/2018 Libros e. 3